[Event "Liwali Bhaktapur Cup"]
[Site "Liwali"]
[Date "2021.03.14"]
[Round "3.2"]
[White "Nepali, Badrilal"]
[Black "Panta, Sumit"]
[Result "0-1"]
[WhiteElo "1986"]
[BlackElo "2025"]
[PlyCount "70"]
[EventDate "2021.03.13"]
[EventType "team-swiss"]
[EventRounds "7"]
[EventCountry "NEP"]
[SourceTitle "EXT 2022"]
[Source "ChessBase"]
[SourceDate "2021.10.06"]
[SourceVersion "1"]
[SourceVersionDate "2021.10.06"]
[SourceQuality "1"]
[WhiteTeam "Lalitpur Metropolitan City"]
[BlackTeam "Bhimeshwor Municipality"]
[WhiteTeamCountry "NEP"]
[BlackTeamCountry "NEP"]

1. Nf3 d5 2. g3 c5 3. Bg2 Nc6 4. c4 d4 5. d3 e5 6. e3 Bd6 7. exd4 cxd4 8. 0-0 Nf6 9. a3 a5 10. Bg5 h6 11. Bxf6 Qxf6 12. Nbd2 Bc7 13. c5 0-0 14. Re1 Kh7 15. Qc2 Qe7 16. Rab1 a4 17. Rbc1 Re8 18. Ne4 Be6 19. Nfd2 Na5 20. Nd6 Bxd6 21. cxd6 Qxd6 22. Qc7 Qxc7 23. Rxc7 Rac8 24. Rxc8 Rxc8 25. Rxe5 Rc1+ 26. Nf1 Nb3 27. Be4+ g6 28. Kg2 Nc5 29. Nd2 f6 30. Rxe6 Nxe6 31. Bxb7 Nc5 32. Bc6 Nxd3 33. Bxa4 Nxb2 34. Bb5 Rc2 35. Ne4 d3 0-1

[Event "Asia Nations online Cup"]
[Site "Chess.com INT"]
[Date "2020.10.10"]
[Round "2.9"]
[White "Panta, Sumit"]
[Black "Batchuluun, Tsegmed"]
[Result "0-1"]
[WhiteElo "2025"]
[BlackElo "2536"]
[PlyCount "78"]
[EventDate "2020.10.10"]
[EventType "team-swiss (rapid)"]
[EventRounds "9"]
[EventCountry "IND"]
[SourceTitle "CBM 198 Extra"]
[Source "ChessBase"]
[SourceDate "2020.11.30"]
[SourceVersion "1"]
[SourceVersionDate "2020.11.30"]
[SourceQuality "1"]
[WhiteTeam "Nepal"]
[BlackTeam "Mongolia"]
[WhiteTeamCountry "NEP"]
[BlackTeamCountry "MGL"]

1. e4 e5 2. Nf3 Nc6 3. Bb5 a6 4. Bxc6 dxc6 5. 0-0 f6 6. d4 exd4 7. Nxd4 c5 8. Nb3 Qxd1 9. Rxd1 Bg4 10. f3 Be6 11. Be3 b6 12. Nc3 Bd6 13. Nd5 0-0-0 14. a4 Ne7 15. Nxe7+ Bxe7 16. a5 Kb7 17. Kf2 Rxd1 18. Rxd1 Rd8 19. Rxd8 Bxd8 20. axb6 cxb6 21. Nc1 a5 22. Nd3 Kc6 23. Ke2 a4 24. Kd2 Be7 25. h4 b5 26. h5 b4 27. c3 Kb5 28. cxb4 cxb4 29. h6 g6 30. Bd4 Kc4 31. Ke3 a3 32. bxa3 bxa3 33. Nf4 Bf7 34. Ne2 a2 35. Ba1 f5 36. exf5 gxf5 37. Nc1 Bc5+ 38. Kd2 Bd4 39. Bxd4 Kxd4 0-1

[Event "Budha Bhandari Memorial"]
[Site "Budhanilkantha"]
[Date "2019.11.11"]
[Round "4"]
[White "Panta, Sumit"]
[Black "Shubham, Shukla"]
[Result "0-1"]
[WhiteElo "2005"]
[BlackElo "1878"]
[PlyCount "80"]
[EventDate "2019.11.09"]
[EventType "swiss"]
[EventRounds "9"]
[EventCountry "NEP"]
[SourceTitle "CBM 193 Extra"]
[Source "ChessBase"]
[SourceDate "2020.01.31"]
[SourceVersion "1"]
[SourceVersionDate "2020.01.31"]
[SourceQuality "1"]

1. e4 c5 2. Nf3 Nc6 3. Bb5 e6 4. 0-0 Nge7 5. Re1 a6 6. Bf1 d5 7. exd5 Nxd5 8. d4 cxd4 9. Nxd4 Ndb4 10. c3 Nxd4 11. cxd4 Be7 12. Nc3 0-0 13. a3 Nd5 14. g3 b5 15. Nxd5 exd5 16. Bf4 Be6 17. Rc1 Rc8 18. Qd2 Qb6 19. b4 Qb7 20. h4 Rxc1 21. Rxc1 Rc8 22. Bd3 Bf6 23. Be5 Bxe5 24. dxe5 Rxc1+ 25. Qxc1 d4 26. Qf4 Qb6 27. h5 Qd8 28. h6 g6 29. Kf1 Qc7 30. Ke2 Qc3 31. Qg5 Qc8 32. Qf6 Qf8 33. Qf4 Qd8 34. g4 Qh4 35. f3 Kf8 36. Qxd4 Qh2+ 37. Qf2 Qxh6 38. Qe3 Qh2+ 39. Ke1 h6 40. Qe2 Qg1+ 0-1

[Event "Bhubaneswar op 12th"]
[Site "Bhubaneswar"]
[Date "2019.06.04"]
[Round "7"]
[White "Saurabh, Anand"]
[Black "Panta, Sumit"]
[Result "1/2-1/2"]
[WhiteElo "2351"]
[BlackElo "1999"]
[PlyCount "54"]
[EventDate "2019.05.31"]
[EventType "swiss"]
[EventRounds "10"]
[EventCountry "IND"]
[SourceTitle "CBM 190 Extra"]
[Source "ChessBase"]
[SourceDate "2019.07.15"]
[SourceVersion "1"]
[SourceVersionDate "2019.07.15"]
[SourceQuality "1"]

1. e4 e6 2. d4 d5 3. Nc3 dxe4 4. Nxe4 Nd7 5. Nf3 Ngf6 6. Bd3 Be7 7. Nxf6+ Nxf6 8. Bg5 b6 9. Ne5 Bb7 10. Bb5+ c6 11. Be2 0-0 12. Bf3 Qc8 13. Qe2 c5 14. 0-0-0 Qc7 15. dxc5 Bxf3 16. gxf3 bxc5 17. Nd7 Rfd8 18. Nxf6+ Bxf6 19. Bxf6 Qf4+ 20. Qe3 Qxf6 21. c3 Rac8 22. Rhg1 Rd5 23. Rxd5 exd5 24. Rg5 Qd6 25. Qe5 Qh6 26. Kb1 g6 27. Qg3 d4 1/2-1/2

[Event "Kathmandu op"]
[Site "Kathmandu"]
[Date "2018.04.15"]
[Round "5"]
[White "Panta, Sumit"]
[Black "Suvrajit, Saha"]
[Result "1/2-1/2"]
[WhiteElo "1993"]
[BlackElo "2234"]
[PlyCount "67"]
[EventDate "2018.04.13"]
[EventType "swiss"]
[EventRounds "9"]
[EventCountry "NEP"]
[SourceTitle "CBM 183 Extra"]
[Source "ChessBase"]
[SourceDate "2018.04.19"]
[SourceVersion "1"]
[SourceVersionDate "2018.04.19"]
[SourceQuality "1"]

1. e4 c5 2. d4 cxd4 3. c3 d3 4. Bxd3 Nc6 5. Nf3 d6 6. 0-0 Nf6 7. h3 g6 8. Qe2 Bg7 9. Bc2 0-0 10. Rd1 Qc7 11. Be3 Rd8 12. Na3 Bd7 13. Nb5 Qb8 14. a4 Be8 15. Bf4 e5 16. Bg5 h6 17. Bxf6 Bxf6 18. Nh2 Bg7 19. Nf1 Ne7 20. Ne3 a6 21. Na3 b5 22. axb5 axb5 23. c4 bxc4 24. Naxc4 Rxa1 25. Rxa1 Bc6 26. Rd1 d5 27. exd5 Nxd5 28. Nxd5 Rxd5 29. Rxd5 Bxd5 30. Ne3 Be6 31. Bd3 e4 32. Bxe4 Qxb2 33. Qxb2 Bxb2 34. Bd5 1/2-1/2

[Event "New Delhi Parsvnath op-B 16th"]
[Site "New Delhi"]
[Date "2018.01.11"]
[Round "9"]
[White "Panta, Sumit"]
[Black "Madhusoodanan, KR."]
[Result "1/2-1/2"]
[WhiteElo "1990"]
[BlackElo "1727"]
[PlyCount "154"]
[EventDate "2018.01.09"]
[EventType "swiss"]
[EventRounds "10"]
[EventCountry "IND"]
[SourceTitle "CBM 182 Extra"]
[Source "ChessBase"]
[SourceDate "2018.02.23"]
[SourceVersion "1"]
[SourceVersionDate "2018.02.23"]
[SourceQuality "1"]

1. e4 d6 2. d4 Nf6 3. Nc3 Nbd7 4. Nf3 e5 5. Be2 Be7 6. 0-0 0-0 7. h3 c6 8. Be3 Qc7 9. a4 a5 10. Nh2 Re8 11. f4 Bf8 12. Bf3 exd4 13. Bxd4 Nc5 14. Bxc5 dxc5 15. e5 Rd8 16. Qe1 Nd5 17. Be4 c4 18. Qh4 h6 19. Rad1 Be6 20. f5 Nxc3 21. bxc3 Bd5 22. Bxd5 Rxd5 23. Rxd5 cxd5 24. Ng4 Kh7 25. Kh1 Qc6 26. Qh5 Qe8 27. Rb1 Qd7 28. e6 fxe6 29. Qg6+ Kh8 30. fxe6 Qe8 31. Qf5 Ra6 32. Re1 h5 33. Ne5 Rxe6 34. Nf7+ Qxf7 35. Qxf7 Rxe1+ 36. Kh2 Bd6+ 37. g3 Re5 38. h4 b6 39. Kh3 Kh7 40. Qb7 Bc5 41. Qc6 g6 42. Qf6 Rf5 43. Qe6 Kg7 44. g4 hxg4+ 45. Kxg4 Rh5 46. Qd7+ Kg8 47. Qd8+ Kg7 48. Qc7+ Kg8 49. Qd7 Rf5 50. Qc7 Rh5 51. Kf3 Rf5+ 52. Ke2 Rh5 53. Qd7 Rf5 54. Qe8+ Kg7 55. Qe6 Rf2+ 56. Ke1 Rf5 57. Kd2 Rf2+ 58. Kc1 Rf5 59. Kb1 Rf1+ 60. Kb2 Rf5 61. Qd7+ Kg8 62. Qc8+ Kg7 63. Ka2 Rh5 64. Qc7+ Kg8 65. Qf4 Rf5 66. Qh6 Kf7 67. Qh7+ Kf6 68. Qd7 Rh5 69. Kb2 Rf5 70. Qh7 Rh5 71. Qd7 Rf5 72. Kc1 Be3+ 73. Kd1 Bc5 74. Ke2 Rf2+ 75. Ke1 Rf5 76. Qb7 Bf2+ 77. Ke2 Bc5 1/2-1/2

[Event "New Delhi Parsvnath op-B 16th"]
[Site "New Delhi"]
[Date "2018.01.10"]
[Round "6"]
[White "Subhra, Saha"]
[Black "Panta, Sumit"]
[Result "1-0"]
[WhiteElo "1727"]
[BlackElo "1990"]
[PlyCount "81"]
[EventDate "2018.01.09"]
[EventType "swiss"]
[EventRounds "10"]
[EventCountry "IND"]
[SourceTitle "CBM 182 Extra"]
[Source "ChessBase"]
[SourceDate "2018.02.23"]
[SourceVersion "1"]
[SourceVersionDate "2018.02.23"]
[SourceQuality "1"]

1. Nf3 Nf6 2. b3 c5 3. Bb2 Nc6 4. e3 d5 5. d4 e6 6. a3 a6 7. Bd3 Bd6 8. Nbd2 0-0 9. 0-0 b6 10. Ne5 Bb7 11. f4 Nd7 12. Nxc6 Bxc6 13. dxc5 Bxc5 14. Bxh7+ Kxh7 15. Qh5+ Kg8 16. Bxg7 f6 17. Rf3 Qe8 18. Qh6 Kf7 19. Qh7 Ke7 20. Bxf8+ Kxf8 21. b4 Bd6 22. Rg3 Qf7 23. Qh6+ Ke8 24. Rg7 Bf8 25. Rxf7 Bxh6 26. Rh7 Bf8 27. g4 a5 28. bxa5 Rxa5 29. Nb3 Rxa3 30. Rxa3 Bxa3 31. Nd4 Nf8 32. Ra7 Bc5 33. Nxc6 Bxe3+ 34. Kg2 Bxf4 35. h4 Nd7 36. Kf3 e5 37. Nb4 d4 38. Nd5 Bd2 39. Ke4 Nc5+ 40. Kf5 e4 41. Nxf6+ 1-0

[Event "New Delhi Parsvnath op-B 16th"]
[Site "New Delhi"]
[Date "2018.01.09"]
[Round "1"]
[White "Panta, Sumit"]
[Black "John, Christopher"]
[Result "1-0"]
[WhiteElo "1990"]
[BlackElo "1543"]
[PlyCount "61"]
[EventDate "2018.01.09"]
[EventType "swiss"]
[EventRounds "10"]
[EventCountry "IND"]
[SourceTitle "CBM 182 Extra"]
[Source "ChessBase"]
[SourceDate "2018.02.23"]
[SourceVersion "1"]
[SourceVersionDate "2018.02.23"]
[SourceQuality "1"]

1. e4 c5 2. d4 cxd4 3. c3 d3 4. Bxd3 d6 5. Nf3 e5 6. Bc4 Qc7 7. Qe2 h6 8. Na3 a6 9. Nc2 Nf6 10. a4 Bg4 11. Ne3 Bh5 12. h3 Bg6 13. Nd5 Nxd5 14. Bxd5 Be7 15. 0-0 Nd7 16. Bb3 Nc5 17. Bc2 Rd8 18. a5 0-0 19. Nh2 d5 20. exd5 Bxc2 21. Qxc2 Rxd5 22. Ng4 e4 23. f3 f5 24. fxe4 fxe4 25. Rxf8+ Kxf8 26. Be3 Nd3 27. Rf1+ Kg8 28. Qb3 Qd7 29. Bd4 Kh8 30. Nxh6 Rxa5 31. Qg8# 1-0